|
|
|
|
| LEADER |
00751cam a2200217 7i4500 |
| 001 |
0000036722 |
| 005 |
20170324090000.0 |
| 008 |
101221 eng |
| 020 |
|
|
|a 9780071626804 (pbk.)
|
| 020 |
|
|
|a 0071626808 (pbk.)
|
| 090 |
0 |
0 |
|a HF5438.8.P74
|b C33 2009
|
| 100 |
1 |
|
|a Cooper, Adam B
|
| 245 |
1 |
0 |
|a Powerpoint presentations :
|b that sell
|c Adam B. Cooper.
|
| 260 |
|
|
|a New York:
|b McGraw-Hill,
|c 2009.
|
| 300 |
|
|
|a ix, 228 p.:
|b ill.;
|c 19 x 24 cm.
|
| 500 |
|
|
|a Includes index
|
| 650 |
0 |
0 |
|a Sales presentations
|
| 650 |
0 |
0 |
|a Business presentations
|
| 997 |
|
|
|a Education & Social Sciences, Faculty
|b Social Sciences, Department
|
| 998 |
|
|
|a Industrial Psychology, Degree
|
| 999 |
|
|
|a 0000041639
|b BOK
|c OPEN SHELF
|e 1st Floor, Shah Alam
|